| 000 | 00544nam a2200217Ia 4500 | ||
|---|---|---|---|
| 003 | 0100 | ||
| 008 | 130303s9999 xx 000 0 und d | ||
| 040 | _cARRUPELIB | ||
| 050 | _aRA644.A25F86 1989 | ||
| 100 | _aFumento, Michael | ||
| 245 | 4 | _aThe myth of heterosexual aids | |
| 260 | _aNew York | ||
| 260 | _bBasic Books | ||
| 260 | _C1989 | ||
| 300 | _axv | ||
| 300 | _b 411p. 25cm. | ||
| 650 | _bIndustries--Africa, Central | ||
| 650 | _cMissions--Africa, Central | ||
| 650 | _dCopper mines 7 mining--Africa | ||
| 942 |
_2lcc _01 |
||
| 999 |
_c66486 _d66486 |
||